[Event "Reykjavik op"]
[Site "Reykjavik"]
[Date "2019.04.13"]
[Round "6"]
[White "Mujacic, Haris"]
[Black "Haile, Batel Goitom"]
[Result "1-0"]
[WhiteElo "1992"]
[BlackElo "1582"]
[PlyCount "61"]
[EventDate "2019.04.08"]
[EventType "swiss"]
[EventRounds "9"]
[EventCountry "ISL"]
[SourceTitle "CBM 189 Extra"]
[Source "ChessBase"]
[SourceDate "2019.05.31"]
[SourceVersion "1"]
[SourceVersionDate "2019.05.31"]
[SourceQuality "1"]

1. d4 Nf6 2. Bf4 g6 3. Nf3 Bg7 4. e3 d6 5. h3 b6 6. Be2 Bb7 7. Nbd2 Nbd7 8. 0-0 0-0 9. c3 Re8 10. Bh2 c5 11. a4 a5 12. Qb3 e5 13. dxe5 dxe5 14. Bc4 Re7 15. Ng5 Qf8 16. f3 h6 17. Nge4 Nxe4 18. Nxe4 Ree8 19. Rad1 Rab8 20. Rxd7 Re7 21. Rfd1 Bxe4 22. fxe4 Rb7 23. Rxb7 Rxb7 24. Bd5 Rd7 25. Rf1 h5 26. Qxb6 Bh6 27. Qxg6+ Qg7 28. Qxh5 Bxe3+ 29. Kh1 Kf8 30. Bxe5 Qg8 31. Qf5 1-0

[Event "Reykjavik op"]
[Site "Reykjavik"]
[Date "2019.04.08"]
[Round "1"]
[White "Haile, Batel Goitom"]
[Black "Akeya Price, Robert A"]
[Result "1/2-1/2"]
[WhiteElo "1582"]
[BlackElo "1931"]
[PlyCount "60"]
[EventDate "2019.04.08"]
[EventType "swiss"]
[EventRounds "9"]
[EventCountry "ISL"]
[SourceTitle "CBM 189 Extra"]
[Source "ChessBase"]
[SourceDate "2019.05.31"]
[SourceVersion "1"]
[SourceVersionDate "2019.05.31"]
[SourceQuality "1"]

1. d4 Nf6 2. c4 e6 3. Nc3 Bb4 4. Bd2 c5 5. Nf3 cxd4 6. Nxd4 b6 7. Nc2 Bc5 8. b4 Be7 9. e4 Bb7 10. f3 d6 11. Be3 0-0 12. Be2 Nc6 13. a3 Rc8 14. f4 Nb8 15. Qd4 Ba6 16. b5 Bb7 17. Nb4 Qc7 18. 0-0 d5 19. exd5 Bc5 20. Qd2 exd5 21. Ncxd5 Nxd5 22. cxd5 Bxe3+ 23. Qxe3 Qc5 24. Qxc5 Rxc5 25. Rac1 Rfc8 26. Nc6 Re8 27. Rxc5 bxc5 28. Bf3 Nd7 29. Nxa7 Ra8 30. Nc6 Rxa3 1/2-1/2

[Event "World ol U16"]
[Site "Konya"]
[Date "2018.11.27"]
[Round "4.22"]
[White "Asavasaetakul, Chawit"]
[Black "Haile, Batel Goitom"]
[Result "1-0"]
[WhiteElo "1656"]
[BlackElo "1622"]
[PlyCount "121"]
[EventDate "2018.11.25"]
[EventType "team-swiss"]
[EventRounds "9"]
[EventCountry "TUR"]
[SourceTitle "CBM 187 Extra"]
[Source "ChessBase"]
[SourceDate "2018.11.04"]
[SourceVersion "1"]
[SourceVersionDate "2018.11.04"]
[SourceQuality "1"]
[WhiteTeam "Thailand"]
[BlackTeam "Iceland"]
[WhiteTeamCountry "THA"]
[BlackTeamCountry "ISL"]

1. e4 c5 2. c3 e6 3. d4 d5 4. exd5 exd5 5. Nf3 Nc6 6. Be2 Nf6 7. 0-0 Be7 8. dxc5 Bxc5 9. Bg5 Be6 10. Nbd2 0-0 11. Nb3 Bb6 12. Nbd4 h6 13. Bh4 Re8 14. Bb5 Bd7 15. Nxc6 bxc6 16. Ba4 Qe7 17. Nd4 Rac8 18. Bc2 c5 19. Nf5 Qe5 20. Bg3 Qe2 21. Nd6 Qxd1 22. Bxd1 Re6 23. Nxc8 Bb5 24. Nxb6 Bxf1 25. Kxf1 Ne4 26. Bf3 Nd2+ 27. Kg1 Nxf3+ 28. gxf3 Rxb6 29. b3 Rf6 30. Kg2 Rg6 31. Rd1 Rg5 32. h4 Rh5 33. a4 f6 34. Bd6 c4 35. bxc4 dxc4 36. Rd4 Kf7 37. Rxc4 Ke6 38. Bg3 Ra5 39. Rb4 Kd5 40. Rb5+ Rxb5 41. axb5 Kc5 42. Bb8 Kb6 43. c4 Kb7 44. Bd6 g6 45. Bf8 h5 46. Bg7 f5 47. Kg3 Kc7 48. Kf4 Kd6 49. Bd4 Ke6 50. Bxa7 Kf6 51. b6 g5+ 52. hxg5+ Kg6 53. b7 h4 54. b8Q h3 55. Qd6+ Kg7 56. Qf6+ Kh7 57. g6+ Kh6 58. g7+ Kh7 59. Qf7 Kh6 60. Kxf5 h2 61. Qg6# 1-0

[Event "Reykjavik Taflfelag op"]
[Site "Reykjavik"]
[Date "2018.11.14"]
[Round "5"]
[White "Haile, Batel Goitom"]
[Black "Geirsson, Kristjan"]
[Result "0-1"]
[WhiteElo "1582"]
[BlackElo "1616"]
[PlyCount "128"]
[EventDate "2018.10.17"]
[EventType "swiss"]
[EventRounds "7"]
[EventCountry "ISL"]
[SourceTitle "CBM 187 Extra"]
[Source "ChessBase"]
[SourceDate "2018.11.04"]
[SourceVersion "1"]
[SourceVersionDate "2018.11.04"]
[SourceQuality "1"]

1. d4 Nf6 2. c4 e6 3. Nc3 Bb4 4. e3 c5 5. Nge2 b6 6. Bd2 Bxc3 7. Nxc3 Bb7 8. f3 Nh5 9. g3 d6 10. Bg2 0-0 11. 0-0 f5 12. Qe2 Na6 13. Rad1 Nc7 14. b3 Qe7 15. Bc1 e5 16. d5 Rae8 17. Rde1 Qd7 18. Bh3 Qf7 19. Qf2 Bc8 20. a4 g5 21. g4 f4 22. Ne4 Qe7 23. Qg2 Ng7 24. exf4 gxf4 25. Kh1 Kh8 26. g5 Nf5 27. Rg1 Rf7 28. Nf6 Ref8 29. Bxf4 Ne8 30. Bg4 Nxf6 31. gxf6 Qxf6 32. Bd2 Nh4 33. Qg3 Bxg4 34. fxg4 Qf3+ 35. Qxf3 Nxf3 36. Bh6 Nxe1 37. Bxf8 Nf3 38. Bxd6 Nxg1 39. Bxe5+ Kg8 40. Kxg1 Rf3 41. Bb8 Rxb3 42. Bxa7 Kf7 43. Kf2 Ke7 44. h4 Rb2+ 45. Kf3 Kd7 46. Bb8 Rc2 47. Ba7 Kc7 48. a5 bxa5 49. Bxc5 Rxc4 50. Be7 Kd7 51. d6 a4 52. h5 a3 53. g5 a2 54. Bf6 Kxd6 55. g6 hxg6 56. hxg6 Ke6 57. g7 Kf7 58. Bb2 Rb4 59. Ba1 Rb1 60. Kg4 Rxa1 61. Kg5 Rg1+ 62. Kh6 a1Q 63. Kh5 Qxg7 64. Kh4 Rh1# 0-1

[Event "Reykjavik Taflfelag op"]
[Site "Reykjavik"]
[Date "2018.10.24"]
[Round "2"]
[White "Eliasson, Kristjan Orn"]
[Black "Haile, Batel Goitom"]
[Result "1/2-1/2"]
[WhiteElo "1818"]
[BlackElo "1582"]
[PlyCount "69"]
[EventDate "2018.10.17"]
[EventType "swiss"]
[EventRounds "7"]
[EventCountry "ISL"]
[SourceTitle "CBM 187 Extra"]
[Source "ChessBase"]
[SourceDate "2018.11.04"]
[SourceVersion "1"]
[SourceVersionDate "2018.11.04"]
[SourceQuality "1"]

1. e4 c5 2. Nf3 e6 3. Be2 g6 4. d4 cxd4 5. Qxd4 Nf6 6. Bg5 Be7 7. Nc3 Nc6 8. Qd2 d6 9. h3 a6 10. a3 b5 11. 0-0 0-0 12. Bh6 Re8 13. Rfe1 Bb7 14. Rad1 Qc7 15. Qf4 Nh5 16. Qc1 Rac8 17. Ng5 Bxg5 18. Bxg5 Ng7 19. Bf6 Rf8 20. Bg5 f5 21. Bh6 Ne5 22. f3 fxe4 23. fxe4 Nc4 24. Bxc4 Qxc4 25. Qe3 d5 26. exd5 exd5 27. Bxg7 Kxg7 28. Qe5+ Kg8 29. Nxd5 Bxd5 30. Qxd5+ Qxd5 31. Rxd5 Rxc2 32. Re7 Rxb2 33. Rdd7 Rff2 34. Rd8+ Rf8 35. Rdd7 1/2-1/2

[Event "Reykjavik op"]
[Site "Reykjavik"]
[Date "2018.03.10"]
[Round "5"]
[White "Haile, Batel Goitom"]
[Black "Meier, Gerd"]
[Result "1/2-1/2"]
[WhiteElo "1361"]
[BlackElo "1804"]
[PlyCount "54"]
[EventDate "2018.03.06"]
[EventType "swiss"]
[EventRounds "9"]
[EventCountry "ISL"]
[SourceTitle "CBM 183 Extra"]
[Source "ChessBase"]
[SourceDate "2018.04.19"]
[SourceVersion "1"]
[SourceVersionDate "2018.04.19"]
[SourceQuality "1"]

1. e4 c5 2. Nf3 d6 3. d4 cxd4 4. Nxd4 a6 5. Nc3 Nf6 6. Be3 Ng4 7. Bd2 e5 8. Nf3 Qb6 9. Qe2 Be6 10. b3 Be7 11. h3 Nf6 12. Qd1 0-0 13. Bd3 Nbd7 14. 0-0 Rac8 15. Na4 Qc7 16. c4 Nc5 17. Nxc5 dxc5 18. Bc3 Nd7 19. Qe2 Bf6 20. Qb2 g6 21. Nd2 Nb8 22. f4 Nc6 23. f5 Rcd8 24. fxe6 Rxd3 25. Rxf6 Nd4 26. Bxd4 exd4 27. Raf1 Rxh3 1/2-1/2

[Event "Reykjavik op"]
[Site "Reykjavik"]
[Date "2018.03.06"]
[Round "1"]
[White "Haile, Batel Goitom"]
[Black "Jonsson, Pall G"]
[Result "0-1"]
[WhiteElo "1361"]
[BlackElo "1841"]
[PlyCount "126"]
[EventDate "2018.03.06"]
[EventType "swiss"]
[EventRounds "9"]
[EventCountry "ISL"]
[SourceTitle "CBM 183 Extra"]
[Source "ChessBase"]
[SourceDate "2018.04.19"]
[SourceVersion "1"]
[SourceVersionDate "2018.04.19"]
[SourceQuality "1"]

1. e4 c5 2. Nf3 Nc6 3. Nc3 a6 4. b3 g6 5. Bb2 Bg7 6. Be2 Nd4 7. Nxd4 cxd4 8. Nd5 e6 9. Nb4 b5 10. c4 bxc4 11. Bxc4 Bb7 12. Qe2 a5 13. Nd3 Qh4 14. Nc5 Bc6 15. g3 Qe7 16. Nd3 f5 17. f3 fxe4 18. fxe4 Nf6 19. Nf2 0-0 20. 0-0 Nxe4 21. Nxe4 d3 22. Bxd3 Bxb2 23. Rab1 Bd4+ 24. Nf2 Rxf2 25. Rxf2 Rf8 26. Rbf1 Qc5 27. Bc4 Qf5 28. Bd3 Qd5 29. Be4 Qxe4 30. Qxe4 Bxe4 31. h4 Bd3 32. Kg2 Bxf1+ 33. Rxf1 Rxf1 34. Kxf1 Kf7 35. Ke2 d5 36. Kf3 Kf6 37. g4 h5 38. g5+ Kf5 39. d3 Bc3 40. a3 Be1 41. a4 Bxh4 42. b4 Bxg5 43. bxa5 Bd8 44. a6 Bb6 45. a5 Ba7 46. Kg3 g5 47. Kf3 h4 48. Kg2 g4 49. Kh1 Kf4 50. d4 Bxd4 51. a7 Bxa7 52. a6 d4 53. Kg2 d3 54. Kf1 h3 55. Ke1 Ke3 56. Kd1 h2 57. Kc1 Bd4 58. Kb1 h1Q+ 59. Ka2 Qd5+ 60. Ka3 Qb5 61. a7 Bc3 62. a8Q Qb4+ 63. Ka2 Qb2# 0-1

[Event "Reykjavik Bikarsyrpa mot 3"]
[Site "Reykjavik"]
[Date "2017.10.29"]
[Round "5.2"]
[White "Gudmundsson, Gunnar Erik"]
[Black "Haile, Batel Goitom"]
[Result "1/2-1/2"]
[WhiteElo "1361"]
[BlackElo "1318"]
[PlyCount "117"]
[EventDate "2017.10.27"]
[EventType "swiss"]
[EventRounds "7"]
[EventCountry "ISL"]
[SourceTitle "EXT 2024"]
[Source "ChessBase"]
[SourceDate "2023.10.10"]
[SourceVersion "1"]
[SourceVersionDate "2023.10.10"]
[SourceQuality "1"]

1. d4 Nf6 2. c4 e6 3. Nf3 h6 4. g3 c6 5. Bg2 Be7 6. 0-0 0-0 7. Nbd2 d5 8. Re1 c5 9. cxd5 exd5 10. dxc5 Bxc5 11. Nb3 Bb6 12. e3 Nc6 13. Bd2 Be6 14. Bc3 Ne4 15. Bd4 Bg4 16. Bxb6 axb6 17. h3 Bh5 18. a3 Re8 19. Nbd4 Qd7 20. g4 Bg6 21. Rc1 Rac8 22. Qb3 Qd8 23. Red1 f6 24. Nh4 Bf7 25. Nhf5 Nxd4 26. Nxd4 Nc5 27. Qa2 g6 28. Qb1 Qd7 29. Ne2 Kg7 30. Nf4 Re5 31. b4 Na4 32. Rxc8 Qxc8 33. Rc1 Qd7 34. Qa1 b5 35. Rd1 Nb6 36. Qd4 Qd6 37. Kf1 g5 38. Ne2 Nc4 39. Rd3 Bg6 40. Rb3 Bc2 41. Rc3 Be4 42. f3 Bg6 43. f4 Re7 44. Bxd5 Nxe3+ 45. Rxe3 Rxe3 46. Qxe3 Qxd5 47. f5 Bf7 48. Ke1 Qe5 49. Qf3 Bd5 50. Qd3 Bc6 51. Kd2 Qb2+ 52. Ke1 Qe5 53. Kd2 Qd5 54. Qxd5 Bxd5 55. Ke3 Bc4 56. Ng3 Kf7 57. Kd4 b6 58. a4 Ke7 59. axb5 1/2-1/2